期刊信息 |
| 索取号 |
D971/UBC
|
| 题名 |
Uniform Building Code
|
| 作者 |
International Conference of Building Officials
|
| 分册号 |
|
| 分册名 |
|
| 出版地 |
WHITTIER,CALIf.
|
| 出版者 |
International Conference of Building Officials
|
| 标准刊号 |
0896-9655
|
| 出版频率 |
月刊
|
| 中图法分类 |
D971
|
| 主题词 |
法律
|
| 电子资源 | |
| |
|
| 000 | 00654nas0 2200217 45 | |
| 001 | 0752219000 | |
| 005 | 20131118104924.03 | |
| 011 | @a0896-9655 | |
| 100 | @a20070524d km y0chiy0120 ea | |
| 101 | 0 | @aeng |
| 200 | 1 | @aUniform Building Code@iVOL.3@fInternational Conference of Building Officials |
| 207 | @aed.1994; | |
| 210 | @aWHITTIER,CALIf.@cInternational Conference of Building Officials | |
| 300 | @amaterial, testing and installation standards | |
| 326 | @a月刊 | |
| 517 | 1 | @aVOL.3 |
| 606 | 0 | @a法律 |
| 690 | @aD971@v4 | |
| 701 | 0 | @aInternational Conference of Building Officials |
| 801 | 0 | @aCN@bPFT@c20070524 |
| 905 | @aTJWY@dD971@eUBC | |
| Uniform Building Code.VOL.3/International Conference of Building Officials.-ed.1994;.-WHITTIER,CALIf.:International Conference of Building Officials |
| material, testing and installation standards |
| ISSN 0896-9655 |
| ● |
| 相关链接: |
|
|
|
|